| 000 | 00672cam a2200229 4500 | ||
|---|---|---|---|
| 001 | B1153 | ||
| 008 | 090401t1987 xxu||||| |||| 00| 0 eng d | ||
| 035 | _a(Sirsi) u42841 | ||
| 041 | _aeng | ||
| 050 | _a333.0023 | ||
| 090 | _aRICS 1987/28A | ||
| 110 |
_aRoyal Institution of Chartered Surveyors _94900 |
||
| 245 | _aChartered surveying: do you measure up? | ||
| 260 |
_aLondon _bRoyal Institution of Chartered Surveyors _c1987 |
||
| 300 | _a15 leaflets in folder; 31cm. | ||
| 350 | _a50 | ||
| 520 | _aEducation and Membership Department. | ||
| 650 | _aCAREERS, EDUCATION AND TRAINING | ||
| 650 | _aABOUT RICS-RICS MEMBERS | ||
| 942 | _n0 | ||
| 948 | _c04/03/1997 | ||
| 999 |
_c91190 _d91190 |
||